[Event "Titled Tuesday intern op 25th Jan"]
[Site "Chess.com INT"]
[Date "2022.01.25"]
[Round "6"]
[White "Hoghmrtsyan, Artur"]
[Black "Farmani Anosheh, Armin"]
[Result "1-0"]
[WhiteElo "2271"]
[BlackElo "2345"]
[PlyCount "45"]
[EventDate "2022.01.25"]
[EventType "swiss (blitz)"]
[EventRounds "11"]
[EventCountry "USA"]
[SourceTitle "CBM 206 Extra"]
[Source "ChessBase"]
[SourceDate "2022.03.31"]
[SourceVersion "1"]
[SourceVersionDate "2022.03.31"]
[SourceQuality "1"]

1. d4 Nf6 2. c4 e6 3. Nf3 d5 4. Nc3 Bb4 5. e3 0-0 6. Bd3 dxc4 7. Bxc4 c5 8. 0-0 Bxc3 9. bxc3 Qc7 10. Qe2 Nbd7 11. e4 e5 12. d5 Ne8 13. Nh4 Nb6 14. f4 Qe7 15. Nf3 Nxc4 16. Qxc4 Nd6 17. Qxc5 f6 18. fxe5 fxe5 19. Bg5 Qd7 20. Nxe5 Rxf1+ 21. Rxf1 b6 22. Nxd7 bxc5 23. Rf8# 1-0

[Event "Titled Tuesday intern op 25th Jan"]
[Site "Chess.com INT"]
[Date "2022.01.25"]
[Round "7"]
[White "Kamsky, Gata"]
[Black "Hoghmrtsyan, Artur"]
[Result "0-1"]
[WhiteElo "2657"]
[BlackElo "2271"]
[PlyCount "74"]
[EventDate "2022.01.25"]
[EventType "swiss (blitz)"]
[EventRounds "11"]
[EventCountry "USA"]
[SourceTitle "CBM 206 Extra"]
[Source "ChessBase"]
[SourceDate "2022.03.31"]
[SourceVersion "1"]
[SourceVersionDate "2022.03.31"]
[SourceQuality "1"]

1. e4 e5 2. Nf3 Nc6 3. Bb5 Nf6 4. 0-0 Nxe4 5. Re1 Nd6 6. Nxe5 Be7 7. Bf1 Nf5 8. c3 Nxe5 9. Rxe5 d6 10. Re2 0-0 11. d4 d5 12. Bf4 Nh4 13. Qb3 c6 14. Nd2 Ng6 15. Bg3 h5 16. h3 h4 17. Bh2 Bd6 18. Bxd6 Qxd6 19. Nf3 Nf4 20. Re3 Qf6 21. Rae1 Bf5 22. Qxb7 Be4 23. Qc7 Rae8 24. Ne5 Qg5 25. g3 Nh5 26. Kh2 hxg3+ 27. fxg3 Qf6 28. Ng4 Qg6 29. Ne5 Qf6 30. Kg1 Qg5 31. Kh2 Re6 32. Ng4 f5 33. Nf2 f4 34. gxf4 Rxf4 35. Nxe4 dxe4 36. Qc8+ Kf7 37. Rxe4 Rf2+ 0-1

[Event "Moscow op-A 16th"]
[Site "Moscow"]
[Date "2020.01.27"]
[Round "3"]
[White "Zhukov, Ivan"]
[Black "Hoghmrtsyan, Artur"]
[Result "0-1"]
[WhiteElo "2008"]
[BlackElo "2280"]
[PlyCount "108"]
[EventDate "2020.01.25"]
[EventType "swiss"]
[EventRounds "9"]
[EventCountry "RUS"]
[SourceTitle "CBM 194 Extra"]
[Source "ChessBase"]
[SourceDate "2020.03.31"]
[SourceVersion "1"]
[SourceVersionDate "2020.03.31"]
[SourceQuality "1"]

1. e4 e5 2. Nf3 Nc6 3. Bc4 Bc5 4. c3 Nf6 5. d3 d6 6. 0-0 h6 7. a4 a6 8. h3 0-0 9. Be3 Bxe3 10. fxe3 d5 11. exd5 Nxd5 12. Qe2 Be6 13. Nbd2 Qe7 14. Bxd5 Bxd5 15. e4 Be6 16. Rf2 Rad8 17. Nf1 Qd7 18. Ne1 Ne7 19. Qe3 Ng6 20. Ng3 a5 21. Rd2 Qe7 22. Nf3 Rd7 23. d4 exd4 24. cxd4 c6 25. Qc3 f5 26. exf5 Bxf5 27. Re1 Qd8 28. Ne5 Nxe5 29. Rxe5 Bg6 30. Rxa5 Rf4 31. Re5 Rdxd4 32. Ree2 Kh7 33. Kh2 Qd6 34. b3 h5 35. Kh1 h4 36. Rxd4 Qxd4 37. Qxd4 Rxd4 38. Nf1 Rd1 39. Kg1 Bd3 40. Rf2 c5 41. Rf3 b6 42. g3 hxg3 43. Rf4 g5 44. Rf3 Kg6 45. Rf8 Bxf1 46. Rxf1 Rxf1+ 47. Kxf1 Kf5 48. Kg1 Ke4 49. Kg2 Kf4 50. Kg1 Kf3 51. Kf1 g2+ 52. Kg1 Kg3 53. b4 c4 54. a5 c3 0-1

[Event "ARM-ch 1st League 80th"]
[Site "Yerevan"]
[Date "2019.08.28"]
[Round "10"]
[White "Hoghmrtsyan, Artur"]
[Black "Harutyunian, Tigran K"]
[Result "0-1"]
[WhiteElo "2317"]
[BlackElo "2555"]
[PlyCount "56"]
[EventDate "2019.08.18"]
[EventType "tourn"]
[EventRounds "13"]
[EventCountry "ARM"]
[EventCategory "6"]
[SourceTitle "EXT 2020"]
[Source "ChessBase"]
[SourceDate "2019.10.17"]
[SourceVersion "1"]
[SourceVersionDate "2019.10.17"]
[SourceQuality "1"]

1. d4 Nf6 2. Nf3 g6 3. g3 Bg7 4. Bg2 0-0 5. 0-0 d6 6. c4 Ne4 7. Qc2 f5 8. Rd1 Qe8 9. Nbd2 Nxd2 10. Bxd2 Nd7 11. c5 c6 12. b4 Nf6 13. Rac1 h6 14. a4 Be6 15. b5 Bd5 16. Qd3 e5 17. dxe5 dxe5 18. Qb1 g5 19. Ba5 e4 20. Nd4 Ng4 21. bxc6 bxc6 22. Nb5 Qh5 23. h3 Nxf2 24. Rxd5 Nxh3+ 25. Kf1 cxd5 26. Qb3 Qg4 27. Nd6 Nf4 28. Rc2 Rab8 0-1

[Event "ARM-ch 1st League 80th"]
[Site "Yerevan"]
[Date "2019.08.27"]
[Round "9"]
[White "Mikaelyan, Arman"]
[Black "Hoghmrtsyan, Artur"]
[Result "1/2-1/2"]
[WhiteElo "2454"]
[BlackElo "2317"]
[PlyCount "129"]
[EventDate "2019.08.18"]
[EventType "tourn"]
[EventRounds "13"]
[EventCountry "ARM"]
[EventCategory "6"]
[SourceTitle "EXT 2020"]
[Source "ChessBase"]
[SourceDate "2019.10.17"]
[SourceVersion "1"]
[SourceVersionDate "2019.10.17"]
[SourceQuality "1"]

1. Nf3 Nf6 2. g3 d5 3. Bg2 Nbd7 4. 0-0 e5 5. d3 Bd6 6. Nc3 0-0 7. e4 dxe4 8. Nxe4 Nxe4 9. dxe4 Nf6 10. Nh4 Bc5 11. Qe2 c6 12. h3 Ne8 13. c3 a5 14. Kh2 g6 15. Be3 Bxe3 16. Qxe3 Qe7 17. Nf3 Ng7 18. Rad1 f6 19. Rd2 Be6 20. Rfd1 Rfd8 21. b3 a4 22. c4 Bf7 23. Qb6 Rxd2 24. Rxd2 Ne6 25. h4 Nc5 26. Ne1 axb3 27. axb3 Ra3 28. b4 Ne6 29. Nc2 Rb3 30. Qa7 Nd4 31. Nxd4 exd4 32. Rxd4 Rxb4 33. Bh3 Rb2 34. Kg1 Rb1+ 35. Kh2 Rb2 36. Rd1 Qxe4 37. Bg2 Qe2 38. Rd8+ Be8 39. Qd4 Kf7 40. Qf4 Qe7 41. Rc8 Qe5 42. Qf3 Bd7 43. Rd8 Qe7 44. Rb8 Kg7 45. Qd1 Be6 46. Qd4 Rb4 47. Qe3 Qd6 48. Qa7 Qc7 49. Re8 Bf7 50. Qc5 Bxe8 51. Qxb4 Bf7 52. c5 Qe7 53. Qd4 Qe2 54. Qd7 Qb2 55. Kg1 f5 56. h5 Qc1+ 57. Kh2 Qxc5 58. h6+ Kg8 59. Qxb7 Qf8 60. Qxc6 Qxh6+ 61. Kg1 Qd2 62. Qa8+ Kg7 63. Qa1+ Kh6 64. Qf6 Qe1+ 65. Kh2 1/2-1/2

[Event "ARM-ch 1st League 80th"]
[Site "Yerevan"]
[Date "2019.08.26"]
[Round "8"]
[White "Hoghmrtsyan, Artur"]
[Black "Shahinyan, David"]
[Result "0-1"]
[WhiteElo "2317"]
[BlackElo "2452"]
[PlyCount "84"]
[EventDate "2019.08.18"]
[EventType "tourn"]
[EventRounds "13"]
[EventCountry "ARM"]
[EventCategory "6"]
[SourceTitle "EXT 2020"]
[Source "ChessBase"]
[SourceDate "2019.10.17"]
[SourceVersion "1"]
[SourceVersionDate "2019.10.17"]
[SourceQuality "1"]

1. d4 Nf6 2. Nf3 c5 3. e3 e6 4. Bd3 b6 5. 0-0 Bb7 6. b3 Be7 7. Bb2 d6 8. c4 Nbd7 9. Nc3 cxd4 10. exd4 0-0 11. Qe2 Rc8 12. Rfe1 Re8 13. a4 Bf8 14. Ne4 Nxe4 15. Bxe4 Bxe4 16. Qxe4 d5 17. Qe2 dxc4 18. bxc4 Qc7 19. Rec1 Bd6 20. g3 e5 21. d5 Nc5 22. Ra2 Qd7 23. Ba3 Qg4 24. Bxc5 Rxc5 25. Rb2 Ra5 26. Ra2 Bc5 27. Kg2 Qd7 28. Ng5 h6 29. Ne4 Bd4 30. Qd1 Rc8 31. f3 f5 32. Nd2 Be3 33. Rc3 Bxd2 34. Qxd2 Rxa4 35. Rxa4 Qxa4 36. d6 Qc6 37. c5 bxc5 38. Qd3 e4 39. Qc4+ Kh8 40. fxe4 fxe4 41. Qe6 Rd8 42. Qe7 e3+ 0-1

[Event "ARM-ch 1st League 80th"]
[Site "Yerevan"]
[Date "2019.08.20"]
[Round "3"]
[White "Chaqryan, Erik"]
[Black "Hoghmrtsyan, Artur"]
[Result "0-1"]
[WhiteElo "2105"]
[BlackElo "2317"]
[PlyCount "90"]
[EventDate "2019.08.18"]
[EventType "tourn"]
[EventRounds "13"]
[EventCountry "ARM"]
[EventCategory "6"]
[SourceTitle "EXT 2020"]
[Source "ChessBase"]
[SourceDate "2019.10.17"]
[SourceVersion "1"]
[SourceVersionDate "2019.10.17"]
[SourceQuality "1"]

1. d4 d5 2. c4 e6 3. Nc3 Nf6 4. cxd5 exd5 5. Bg5 c6 6. e3 Be7 7. Bd3 0-0 8. Qc2 h6 9. Bf4 Bd6 10. Nge2 Re8 11. 0-0-0 b5 12. h3 Na6 13. Qd2 Nb4 14. Bb1 Ne4 15. Nxe4 dxe4 16. Bxd6 Qxd6 17. Nc3 Nd3+ 18. Bxd3 exd3 19. Qxd3 b4 20. Na4 Qd5 21. b3 Qxg2 22. Qd2 Bf5 23. Kb2 a5 24. h4 Rad8 25. Rc1 Rd6 26. Rhg1 Qh3 27. Rc5 Be4 28. h5 Qh2 29. Rd1 Bf3 30. Rdc1 Rf6 31. R1c2 Qh4 32. Re5 Rxe5 33. dxe5 Rf5 34. Rc5 Be4 35. f4 Rxh5 36. e6 Qf6+ 37. Qd4 Rh2+ 38. Kc1 Qxd4 39. exf7+ Kxf7 40. exd4 h5 41. Re5 Bd5 42. Nc5 h4 43. Rf5+ Kg8 44. Rh5 Bf3 45. Rg5 Rg2 0-1

[Event "Jermuk Asrian Memorial 12th"]
[Site "Jermuk"]
[Date "2019.06.19"]
[Round "9"]
[White "Hoghmrtsyan, Artur"]
[Black "Ghukasyan, Siranush"]
[Result "0-1"]
[WhiteElo "2309"]
[BlackElo "2255"]
[PlyCount "78"]
[EventDate "2019.06.11"]
[EventType "swiss"]
[EventRounds "9"]
[EventCountry "ARM"]
[SourceTitle "CBM 191 Extra"]
[Source "ChessBase"]
[SourceDate "2019.09.30"]
[SourceVersion "1"]
[SourceVersionDate "2019.09.30"]
[SourceQuality "1"]

1. e4 e5 2. Nf3 Nc6 3. Bc4 Bc5 4. d3 Nf6 5. Bg5 h6 6. Bh4 g5 7. Bg3 d6 8. c3 0-0 9. a4 a5 10. Na3 Ne7 11. Nc2 Ba7 12. 0-0 Ng6 13. Re1 Nh7 14. h3 h5 15. d4 g4 16. hxg4 hxg4 17. Nh2 Qg5 18. dxe5 dxe5 19. Ne3 Nf6 20. Qc2 Nh5 21. Nhf1 Ngf4 22. Rad1 Be6 23. Bxe6 fxe6 24. Rd7 Rf7 25. Rxf7 Kxf7 26. Qd1 Nf6 27. Nc4 Rh8 28. Qd2 Qh6 29. Nh2 Kg7 30. Rd1 Bd4 31. cxd4 Nxe4 32. Qe3 Nxg3 33. Qxe5+ Kg8 34. fxg3 Qxh2+ 35. Kf2 Qxg2+ 36. Ke3 Nd5+ 37. Kd3 Nb4+ 38. Ke3 Qf3+ 39. Kd2 Qd3+ 0-1

[Event "ARM-ch 1st League 79th"]
[Site "Yerevan"]
[Date "2018.08.18"]
[Round "9"]
[White "Hoghmrtsyan, Artur"]
[Black "Mikaelyan, Arman"]
[Result "1/2-1/2"]
[WhiteElo "2157"]
[BlackElo "2496"]
[PlyCount "91"]
[EventDate "2018.08.09"]
[EventType "tourn"]
[EventRounds "13"]
[EventCountry "ARM"]
[EventCategory "5"]
[SourceTitle "CBM 186 Extra"]
[Source "ChessBase"]
[SourceDate "2018.08.24"]
[SourceVersion "1"]
[SourceVersionDate "2018.08.24"]
[SourceQuality "1"]

1. d4 Nf6 2. c4 b6 3. f3 Bb7 4. e4 e6 5. Bd3 Nc6 6. Be3 e5 7. Ne2 exd4 8. Nxd4 Bc5 9. Nxc6 Bxc6 10. Bxc5 bxc5 11. 0-0 0-0 12. Nc3 d6 13. f4 Re8 14. Qc2 Ng4 15. Rf3 f5 16. h3 Nf6 17. Re3 Nh5 18. Qf2 Qf6 19. exf5 Rxe3 20. Qxe3 Re8 21. Qf2 Qd4 22. Bf1 Qxf4 23. Qxf4 Nxf4 24. Rd1 Kf7 25. Kf2 Re5 26. g3 Nh5 27. Bd3 Nf6 28. Re1 Rxe1 29. Kxe1 Bg2 30. Bf1 Bxf1 31. Kxf1 c6 32. Ke2 Ke7 33. g4 Nd7 34. b3 Kf6 35. Ne4+ Ke5 36. Ng5 d5 37. Ke3 g6 38. Nf3+ Kf6 39. fxg6 hxg6 40. Kf4 Nf8 41. g5+ Ke6 42. h4 a5 43. Ne5 Kd6 44. Nf7+ Ke7 45. Ne5 Kd6 46. Nf7+ 1/2-1/2

[Event "ARM-ch 1st League 79th"]
[Site "Yerevan"]
[Date "2018.08.10"]
[Round "2"]
[White "Babujian, Levon"]
[Black "Hoghmrtsyan, Artur"]
[Result "1-0"]
[WhiteElo "2459"]
[BlackElo "2157"]
[PlyCount "67"]
[EventDate "2018.08.09"]
[EventType "tourn"]
[EventRounds "13"]
[EventCountry "ARM"]
[EventCategory "5"]
[SourceTitle "CBM 186 Extra"]
[Source "ChessBase"]
[SourceDate "2018.08.24"]
[SourceVersion "1"]
[SourceVersionDate "2018.08.24"]
[SourceQuality "1"]

1. c4 e6 2. Nc3 d5 3. d4 Be7 4. Nf3 Nf6 5. Bg5 h6 6. Bh4 0-0 7. e3 Ne4 8. Bxe7 Qxe7 9. Rc1 c6 10. g4 Nd7 11. h4 e5 12. cxd5 Nxc3 13. Rxc3 cxd5 14. g5 h5 15. dxe5 Nxe5 16. Qxd5 Nxf3+ 17. Qxf3 Qb4 18. Qe2 Qe4 19. f3 Qb1+ 20. Kf2 Qxa2 21. Bg2 Rd8 22. Rhc1 Qa5 23. R1c2 Be6 24. Rc5 Qb4 25. f4 Bb3 26. R2c3 Bd1 27. Qb5 Rd2+ 28. Kg3 Rxg2+ 29. Kxg2 Qe4+ 30. Kg1 Bg4 31. f5 Kh7 32. Qd3 Qf3 33. e4 Qf4 34. Qe3 1-0

[Event "Yerevan op 2nd"]
[Site "Yerevan"]
[Date "2017.09.22"]
[Round "4"]
[White "Demianjuk, Alexander"]
[Black "Hoghmrtsyan, Artur"]
[Result "1-0"]
[WhiteElo "2330"]
[BlackElo "2012"]
[PlyCount "61"]
[EventDate "2017.09.19"]
[EventType "swiss"]
[EventRounds "9"]
[EventCountry "ARM"]
[SourceTitle "CBM 180 Extra"]
[Source "ChessBase"]
[SourceDate "2017.10.06"]
[SourceVersion "1"]
[SourceVersionDate "2017.10.06"]
[SourceQuality "1"]

1. d4 d5 2. Bf4 e6 3. e3 Bd6 4. Bg3 Ne7 5. Nd2 Nf5 6. Bd3 Nxg3 7. hxg3 e5 8. c3 Nd7 9. Qb3 c6 10. 0-0-0 e4 11. Be2 b5 12. Qc2 Nf6 13. f3 Qe7 14. g4 exf3 15. gxf3 b4 16. c4 Qxe3 17. cxd5 0-0 18. dxc6 Be6 19. Kb1 Rfc8 20. Ne4 b3 21. Nxf6+ gxf6 22. Qxh7+ Kf8 23. d5 bxa2+ 24. Kxa2 Rab8 25. Qh6+ Qxh6 26. Rxh6 Kg7 27. Rh5 Rxc6 28. dxe6 Rcb6 29. Rb5 Rxb5 30. Bxb5 Be5 31. e7 1-0

[Event "Yerevan op 2nd"]
[Site "Yerevan"]
[Date "2017.09.20"]
[Round "2"]
[White "Grigoryan, Aram"]
[Black "Hoghmrtsyan, Artur"]
[Result "1/2-1/2"]
[WhiteElo "1673"]
[BlackElo "2012"]
[PlyCount "120"]
[EventDate "2017.09.19"]
[EventType "swiss"]
[EventRounds "9"]
[EventCountry "ARM"]
[SourceTitle "CBM 180 Extra"]
[Source "ChessBase"]
[SourceDate "2017.10.06"]
[SourceVersion "1"]
[SourceVersionDate "2017.10.06"]
[SourceQuality "1"]

1. d4 Nf6 2. c4 g6 3. Nc3 Bg7 4. e4 d6 5. Be2 0-0 6. Bg5 Nbd7 7. Qd2 c5 8. d5 a6 9. a4 Re8 10. Nf3 e6 11. 0-0 exd5 12. exd5 Qc7 13. Rfe1 Nf8 14. Bd3 Bd7 15. h3 Rxe1+ 16. Rxe1 Re8 17. Rxe8 Nxe8 18. b3 Qb6 19. Bc2 Qb4 20. Nb1 Qxd2 21. Nbxd2 b5 22. axb5 axb5 23. Be7 Bf6 24. Bxf6 Nxf6 25. Ne4 Nxe4 26. Bxe4 f5 27. Bd3 bxc4 28. bxc4 Kf7 29. Kf1 Kf6 30. h4 h6 31. Nd2 Ke5 32. Nf3+ Kf6 33. Nd2 f4 34. g3 fxg3 35. fxg3 Bc8 36. Ke2 Nd7 37. Nf3 Nb6 38. Ke3 g5 39. hxg5+ hxg5 40. Nd2 Ke5 41. Nf3+ Kf6 42. Nd2 Bf5 43. g4 Bxd3 44. Kxd3 Ke5 45. Ke3 Na4 46. Nf3+ Kf6 47. Nd2 Nb2 48. Ke4 Nd1 49. Kf3 Ke5 50. Ke2 Nc3+ 51. Ke3 Na4 52. Nf3+ Kf6 53. Nd2 Nb6 54. Kd3 Nd7 55. Ne4+ Ke7 56. Nxg5 Ne5+ 57. Kc3 Nxg4 58. Ne4 Ne5 59. Kb3 Nf3 60. Ka4 Nd4 1/2-1/2

[Event "Yerevan op 2nd"]
[Site "Yerevan"]
[Date "2017.09.19"]
[Round "1"]
[White "Hoghmrtsyan, Artur"]
[Black "Grigoryan, Karen H"]
[Result "0-1"]
[WhiteElo "2012"]
[BlackElo "2568"]
[PlyCount "74"]
[EventDate "2017.09.19"]
[EventType "swiss"]
[EventRounds "9"]
[EventCountry "ARM"]
[SourceTitle "CBM 180 Extra"]
[Source "ChessBase"]
[SourceDate "2017.10.06"]
[SourceVersion "1"]
[SourceVersionDate "2017.10.06"]
[SourceQuality "1"]

1. d4 Nf6 2. c4 e6 3. g3 c5 4. d5 exd5 5. cxd5 d6 6. Nc3 g6 7. Bg2 Bg7 8. Nf3 0-0 9. 0-0 Nbd7 10. Nd2 Re8 11. h3 a6 12. a4 Rb8 13. Nc4 Ne5 14. Na3 Nh5 15. e4 Bd7 16. a5 b5 17. axb6 Bb5 18. Naxb5 axb5 19. Nxb5 Qxb6 20. Na3 Qb3 21. Qxb3 Rxb3 22. g4 Nf6 23. Rd1 h6 24. Bd2 g5 25. Bc3 Nfd7 26. Nc2 Nc4 27. Bxg7 Kxg7 28. Bf1 Nde5 29. Ra2 Reb8 30. Rc1 Nf3+ 31. Kh1 Ncd2 32. Ne1 Nxe4 33. Nxf3 Rxf3 34. Bg2 Nxf2+ 35. Kg1 Rf4 36. Ra6 Rxb2 37. Rxd6 Nxg4 0-1

[Event "Yerevan op 1st"]
[Site "Yerevan"]
[Date "2016.10.08"]
[Round "7"]
[White "Hoghmrtsyan, Artur"]
[Black "Karatorossian, David"]
[Result "0-1"]
[WhiteElo "2042"]
[BlackElo "2252"]
[PlyCount "104"]
[EventDate "2016.10.02"]
[EventType "swiss"]
[EventRounds "9"]
[EventCountry "ARM"]
[SourceTitle "EXT 2017"]
[Source "ChessBase"]
[SourceDate "2016.10.25"]
[SourceVersion "1"]
[SourceVersionDate "2016.10.25"]
[SourceQuality "1"]

1. Nf3 Nf6 2. g3 g6 3. Bg2 Bg7 4. d4 0-0 5. c4 d6 6. 0-0 c5 7. Nc3 cxd4 8. Nxd4 Nc6 9. Nxc6 bxc6 10. Rb1 Bf5 11. e4 Be6 12. b3 Nd7 13. Ne2 Ne5 14. Bb2 Qb6 15. Kh1 Rab8 16. Qc2 a5 17. h3 c5 18. f4 Nc6 19. Bxg7 Kxg7 20. f5 Bd7 21. f6+ exf6 22. Rbd1 Ne5 23. Nc3 Be6 24. g4 h6 25. Rd2 Rh8 26. Qd1 Rbd8 27. Qe1 Rd7 28. Qh4 Qd8 29. Rdf2 h5 30. gxh5 Rxh5 31. Qg3 Qh8 32. Qf4 Bxh3 33. Qxf6+ Kg8 34. Qxh8+ Kxh8 35. Bxh3 Rxh3+ 36. Rh2 Rxh2+ 37. Kxh2 Kg7 38. Kg3 Rd8 39. Rd1 Kf6 40. Nb5 Ke6 41. Nc7+ Kd7 42. Nb5 Ke7 43. Nc3 Nc6 44. Nd5+ Ke6 45. Nc7+ Ke5 46. Nb5 Nd4 47. Nc3 Rh8 48. Rf1 f5 49. exf5 Nxf5+ 50. Kf2 Rh2+ 51. Kg1 Rc2 52. Re1+ Kf4 0-1

[Event "Yerevan op 1st"]
[Site "Yerevan"]
[Date "2016.10.02"]
[Round "1"]
[White "Hoghmrtsyan, Artur"]
[Black "Ter Sahakyan, Samvel"]
[Result "0-1"]
[WhiteElo "2042"]
[BlackElo "2599"]
[PlyCount "62"]
[EventDate "2016.10.02"]
[EventType "swiss"]
[EventRounds "9"]
[EventCountry "ARM"]
[SourceTitle "EXT 2017"]
[Source "ChessBase"]
[SourceDate "2016.10.25"]
[SourceVersion "1"]
[SourceVersionDate "2016.10.25"]
[SourceQuality "1"]

1. d4 Nf6 2. g3 d5 3. Bg2 Bf5 4. Nf3 e6 5. 0-0 Be7 6. Nbd2 h6 7. c4 c6 8. b3 0-0 9. Bb2 Nbd7 10. Qc1 Rc8 11. c5 Ne4 12. b4 Bf6 13. Nb3 Re8 14. Ne5 Be7 15. f3 Nef6 16. Nxd7 Qxd7 17. Qe1 Bg6 18. e4 Qc7 19. e5 Nd7 20. Qe2 b6 21. Bc3 a5 22. a3 axb4 23. axb4 Ra8 24. f4 Qb7 25. g4 Rxa1 26. Nxa1 Ra8 27. f5 Bh7 28. Qf2 f6 29. fxe6 Nf8 30. Qe2 fxe5 31. Qxe5 Bf6 0-1

[Event "Yerevan Asrian Memorial 9th"]
[Site "Yerevan"]
[Date "2016.06.23"]
[Round "8"]
[White "Torosyan, Norayr"]
[Black "Hoghmrtsyan, Artur"]
[Result "1-0"]
[WhiteElo "2361"]
[BlackElo "1870"]
[PlyCount "127"]
[EventDate "2016.06.16"]
[EventType "swiss"]
[EventRounds "9"]
[EventCountry "ARM"]
[SourceTitle "CBM 173 Extra"]
[Source "ChessBase"]
[SourceDate "2016.08.29"]
[SourceVersion "1"]
[SourceVersionDate "2016.08.29"]
[SourceQuality "1"]

1. e4 e5 2. Nf3 Nc6 3. Bb5 Nf6 4. d3 Bc5 5. Bxc6 dxc6 6. Nbd2 Be6 7. Nb3 Bb6 8. 0-0 Nd7 9. Ng5 Bxb3 10. axb3 h6 11. Nf3 0-0 12. g3 Re8 13. Bd2 Nf8 14. Bc3 Qd6 15. Nh4 Ng6 16. Nf5 Qf6 17. Kg2 Ne7 18. Nxe7+ Qxe7 19. f4 exf4 20. Rxf4 Qd7 21. Qg4 Qxg4 22. Rxg4 g6 23. Rh4 Be3 24. Ra5 c5 25. Kf3 Bg5 26. Rh3 b6 27. Ra6 f5 28. Ra4 Rf8 29. Ke2 a6 30. Rc4 Rae8 31. e5 h5 32. b4 cxb4 33. Rxb4 b5 34. d4 c5 35. dxc5 Bf6 36. Kf3 Bxe5 37. Rb3 Rf6 38. Ra3 Rc6 39. Bxe5 Rxe5 40. b4 Re1 41. Rh4 Rc1 42. Ra2 Kf7 43. Rd4 Rf1+ 44. Kg2 Rc1 45. h4 Re6 46. Kf2 Ke7 47. Rd3 Rb1 48. Rb3 Rd1 49. Re3 Rxe3 50. Kxe3 Re1+ 51. Kf2 Re4 52. c3 Rc4 53. Rxa6 Rxc3 54. Rb6 Rc4 55. Rxb5 f4 56. Rb6 fxg3+ 57. Kxg3 Rg4+ 58. Kh3 Kd7 59. b5 Rc4 60. Rxg6 Rxc5 61. Rg5 Kd6 62. Kg3 Rc3+ 63. Kf2 Rc5 64. Ke3 1-0

[Event "Yerevan Asrian Memorial 9th"]
[Site "Yerevan"]
[Date "2016.06.22"]
[Round "7"]
[White "Hoghmrtsyan, Artur"]
[Black "Danielyan, Vahe"]
[Result "1-0"]
[WhiteElo "1870"]
[BlackElo "2240"]
[PlyCount "73"]
[EventDate "2016.06.16"]
[EventType "swiss"]
[EventRounds "9"]
[EventCountry "ARM"]
[SourceTitle "CBM 173 Extra"]
[Source "ChessBase"]
[SourceDate "2016.08.29"]
[SourceVersion "1"]
[SourceVersionDate "2016.08.29"]
[SourceQuality "1"]

1. e4 e5 2. Nf3 Nc6 3. Bb5 g6 4. 0-0 Bg7 5. c3 Nge7 6. d4 d6 7. dxe5 dxe5 8. Qxd8+ Kxd8 9. h3 h6 10. Bc4 Ke8 11. b4 a5 12. b5 Nd8 13. a4 b6 14. Ba3 Bb7 15. Nbd2 g5 16. Rfe1 Ng6 17. Nf1 Ne6 18. Ng3 Ngf4 19. Nf5 Bf6 20. Ne3 h5 21. Nd5 Bg7 22. h4 g4 23. Ng5 Nxd5 24. Bxd5 Bxd5 25. exd5 Nxg5 26. hxg5 Rd8 27. Rad1 Kd7 28. Re4 f5 29. gxf6 Bxf6 30. Rc4 Rh7 31. Rc6 Rf7 32. c4 Kc8 33. c5 bxc5 34. b6 e4 35. bxc7 Re8 36. Rb1 Kd7 37. c8Q+ 1-0

[Event "Yerevan Asrian Memorial 9th"]
[Site "Yerevan"]
[Date "2016.06.16"]
[Round "1"]
[White "Hoghmrtsyan, Artur"]
[Black "Hakobyan, Aram"]
[Result "0-1"]
[WhiteElo "1870"]
[BlackElo "2382"]
[PlyCount "118"]
[EventDate "2016.06.16"]
[EventType "swiss"]
[EventRounds "9"]
[EventCountry "ARM"]
[SourceTitle "CBM 173 Extra"]
[Source "ChessBase"]
[SourceDate "2016.08.29"]
[SourceVersion "1"]
[SourceVersionDate "2016.08.29"]
[SourceQuality "1"]

1. d4 Nf6 2. g3 c5 3. d5 e6 4. c4 exd5 5. cxd5 d6 6. Nc3 g6 7. Bg2 Bg7 8. Nf3 0-0 9. 0-0 a6 10. a4 Re8 11. Nd2 Nbd7 12. h3 Nh5 13. Nde4 Qe7 14. g4 Nhf6 15. Nxf6+ Bxf6 16. e4 Rb8 17. Qe2 g5 18. Nd1 Ne5 19. f4 gxf4 20. Bxf4 b5 21. Ne3 bxa4 22. Bg3 Rxb2 23. Qd1 Bh4 24. Bxe5 Qxe5 25. Kh1 Qc3 26. Qxa4 Rb5 27. Nc4 Rd8 28. Rac1 Qg7 29. Qa3 Rb4 30. Nxd6 Bxg4 31. Nxf7 Rf8 32. Nd6 Bd7 33. Rxf8+ Qxf8 34. Qxa6 Bf2 35. Qe2 Bd4 36. Nc4 Qh6 37. Qd2 Qxd2 38. Nxd2 Be3 39. Rc2 Ba4 40. Ra2 c4 41. Nxc4 Rxc4 42. Bf3 Bf4 43. Kg2 Kg7 44. Kf2 Kf6 45. Rb2 Ke5 46. Rb7 h6 47. h4 Bc2 48. Rb6 Bd3 49. Kg2 Kd4 50. Kh3 Bxe4 51. Bxe4 Kxe4 52. d6 Kf5 53. d7 Rc3+ 54. Kg2 Rd3 55. Rb7 Kg4 56. Kf2 Rd2+ 57. Ke1 Kf3 58. Ra7 Rd6 59. Ra3+ Be3 0-1

[Event "EU-ch U14 24th"]
[Site "Batumi"]
[Date "2014.10.24"]
[Round "6"]
[White "Karpus, Michal"]
[Black "Hoghmrtsyan, Artur"]
[Result "1-0"]
[WhiteElo "2128"]
[BlackElo "1917"]
[PlyCount "75"]
[EventDate "2014.10.19"]
[EventType "swiss"]
[EventRounds "9"]
[EventCountry "GEO"]
[SourceTitle "EXT 2015"]
[Source "ChessBase"]
[SourceDate "2014.11.20"]
[SourceVersion "1"]
[SourceVersionDate "2014.11.20"]
[SourceQuality "1"]

1. e4 e5 2. Nf3 Nc6 3. Bc4 Bc5 4. c3 Nf6 5. d3 a6 6. 0-0 Ba7 7. Bb3 d6 8. Nbd2 0-0 9. h3 Ne7 10. Re1 Ng6 11. Nf1 Nh5 12. d4 Qe8 13. Be3 Nhf4 14. Ng3 Be6 15. Nf5 Bxb3 16. Qxb3 b5 17. Rad1 Qe6 18. d5 Qd7 19. Kh2 Rfb8 20. g3 Nh5 21. Qc2 Nf6 22. Rg1 Ne7 23. g4 g6 24. Bg5 Nxf5 25. gxf5 Nh5 26. Qd2 Kh8 27. Bh4 Nf4 28. Bf6+ Kg8 29. Rg4 Qe8 30. Rdg1 Nh5 31. Bh4 Qf8 32. Bg5 c6 33. dxc6 Rb6 34. Rh4 Nf4 35. Bxf4 exf4 36. Qxf4 Bb8 37. Kh1 Qe7 38. Qh6 1-0